Marco político-administrativo de la institucionalización del derecho de los trabajadores a la educación.

Kaydedildi:
Detaylı Bibliyografya
Yazar: Ramírez Hernández, Gloria (autor)
Materyal Türü: Kitap
Dil:İspanyolca
Konular:
Etiketler: Etiketle
Etiket eklenmemiş, İlk siz ekleyin!

MARC

LEADER 00000cam^a2200000uu^4500
001 000471988
005 20250521000000.0
008 050901s1981^^^^^^^^^^^^rm^r^^000^0^spa^d
009 20260310124638.516
035 |a FCE 000014796 
035 |a FCE 007074 
037 |a Acervo ITESO - Biblioteca 
041 |a spa 
082 0 4 |a 374.013  |b RAMm 
100 |a Ramírez Hernández, Gloria  |e (autor) 
245 1 0 |a Marco político-administrativo de la institucionalización del derecho de los trabajadores a la educación. 
264 |a México :  |b G. Ramírez Hernández,  |c 1981. 
300 |a 319 p. 
336 |a texto  |b txt  |2 rdacontenido 
337 |a sin mediación  |b n  |2 rdamedio 
338 |a volumen  |b nc  |2 rdasoporte 
596 |a Tesis. (Licenciado en Ciencias Políticas y Administración Pública) Universidad Nacional Autónoma de México, Facultad de Ciencias Políticas y Sociales. 
649 |a XX 
650 |a Acceso a la educación 
650 |a Historia 
650 |a Educación de adultos 
650 |a Formación profesional 
650 |a Trabajador 
650 |a Empleo 
650 |a Educación-producción 
650 |a Educación permanente 
910 |a Fondo Centro de Estudios Educativos 
920 |a Impresos - Libros 
930 |a Fondos Especiales 
905 |a 133 
901 |a ALE007074  |b IT2  |c CEE  |u 20250521 
902 |a https://opac.biblio.iteso.mx/vufind/Record/000471988